000 00789cab a2200253 4500
001 WB3431-04
008 090401t1998 xxu||||| |||| 00| 0 eng d
035 _a(Sirsi) u87941
041 _aeng
245 _aSpecialist conttractors fear for future
260 _c1998
350 _a0
490 _aBuilding
_v263(8051) 7 August 1998, 17(1)
520 _aForward workload expectations of specialist subcontractors have slumped in the 2Q 1998, according to a survey by the National Specialist Contractors Council.
650 _aCONSTRUCTION MARKET
650 _aFORECASTS
650 _aINTEREST RATES
650 _aSKILLS SHORTAGES
650 _aSPECIALIST CONTRACTORS
650 _aWORKLOAD EXPECTATIONS
690 _aBUILT ENVIRONMENT
942 _n0
948 _c10/08/1998
999 _c55502
_d55502